INTERNATIONAL LAW & HUMAN RIGHTS (Record no. 34097)

MARC details
000 -LEADER
fixed length control field 00319nam a22001457a 4500
003 - CONTROL NUMBER IDENTIFIER
control field SGT
020 ## - INTERNATIONAL STANDARD BOOK NUMBER
International Standard Book Number 9788194833062
082 ## - DEWEY DECIMAL CLASSIFICATION NUMBER
Classification number 341
Item number KAP
100 ## - MAIN ENTRY--PERSONAL NAME
Personal name KAPOOR S K
245 ## - TITLE STATEMENT
Title INTERNATIONAL LAW & HUMAN RIGHTS
250 ## - EDITION STATEMENT
Edition statement 22
260 ## - PUBLICATION, DISTRIBUTION, ETC. (IMPRINT)
Place of publication, distribution, etc PRAYAGRAJ
Name of publisher, distributor, etc CENTRAL LAW AGENCY
Year of Publication 2021
300 ## - PAGE DESCRIPTION
No. of Pages 982
942 ## - ADDED ENTRY ELEMENTS (KOHA)
Source of classification or shelving scheme Dewey Decimal Classification
Koha item type Books
Holdings
Withdrawn status Lost status Source of classification or shelving scheme Damaged status Not for loan Collection code Home library Current library Shelving location Date acquired Vendor Name Cost, normal purchase price SGTU Bill Number Full call number Accession No. (Barcode) Date last seen Bill Date Koha item type Total Checkouts
    Dewey Decimal Classification   Not For Loan LAW SGT Science & Social Sciences Library SGT Science & Social Sciences Library Reference Book 17/02/2026 ZAFFA BOOKS 850.00 SGTU ZBD0421 341 KAP FL4053 17/02/2026 04/02/2026 Books  
    Dewey Decimal Classification     LAW SGT Science & Social Sciences Library SGT Science & Social Sciences Library Text Book 17/02/2026 ZAFFA BOOKS 850.00 SGTU ZBD0421 341 KAP FL4054 17/02/2026 04/02/2026 Books  
    Dewey Decimal Classification     LAW SGT Science & Social Sciences Library SGT Science & Social Sciences Library Text Book 17/02/2026 ZAFFA BOOKS 850.00 SGTU ZBD0421 341 KAP FL4055 17/02/2026 04/02/2026 Books  
    Dewey Decimal Classification     LAW SGT Science & Social Sciences Library SGT Science & Social Sciences Library Text Book 17/02/2026 ZAFFA BOOKS 850.00 SGTU ZBD0421 341 KAP FL4056 17/02/2026 04/02/2026 Books  
    Dewey Decimal Classification     LAW SGT Science & Social Sciences Library SGT Science & Social Sciences Library Text Book 17/02/2026 ZAFFA BOOKS 850.00 SGTU ZBD0421 341 KAP FL4057 17/02/2026 04/02/2026 Books